Statistics for Foods That Are Red

Click here to take the quiz!

General Stats

  • This quiz has been taken 806 times
  • The average score is 7 of 11

Answer Stats

Answer% Correct
An _______ a day keeps the doctor away.Apples
98%
A spicy vegetable that has many varieties like Bell or Ghost Chili.Red Peppers
90%
What you usually find on top of a sundae.Cherries
90%
A berry known for its bright red color, juicy texture, and sweetness.Strawberries
88%
This sauce is a popular thanksgiving dish.Cranberries
75%
Popular red berry that can also be black, purple, or gold colored.Raspberries
71%
It comes in many varieties such as Plum, Pear, Cherry, or Grape.Tomatos
60%
A red or green fruiting berry that can be eaten raw or in jams or jellies.Grapes
34%
Uncooked muscle tissue of an animal used for food.Raw Meat
32%
It comes in many varieties such as Garden, Spinach, or Sugar.Beets
19%
Lens-shaped seed that grows in a pod. It can be red, orange, green etc.Lentils
8%

Score Distribution

Percentile by Number Answered

Percent of People with Each Score

Your Score History

You have not taken this quiz